Comptabilitat pública local /
Publicado:
Barcelona :
Diputació de Barcelona. Àrea d'Hisenda i Recursos Interns. Intervenció General. Servei d'Assistència a la Gestió Econòmica Local ,
2013
Descripción Física:
112 pàgines : il·lustracions ; 30 cm
Idioma:
Catalán
MARC
| LEADER | 00000nam a2200000 a 4500 | ||
|---|---|---|---|
| 001 | 26075 | ||
| 008 | 220628b spa||||| |||| 00| 0 cat d | ||
| 080 | |a Bib-715 | ||
| 245 | |a Comptabilitat pública local / |c organització i coordinació: Intervenció General, Servei d'Assistència a la Gestió Econòmica Local ; documentació realitzada per: Unitat de Suport Comptable | ||
| 260 | |a Barcelona : |b Diputació de Barcelona. Àrea d'Hisenda i Recursos Interns. Intervenció General. Servei d'Assistència a la Gestió Econòmica Local, |c [2013] | ||
| 300 | |a 112 pàgines : |b il·lustracions ; |c 30 cm | ||
| 650 | |a Finances públiques |x Comptabilitat |x Manuals, guies, etc. |9 28624 | ||
| 710 | 1 | |a Barcelona (Catalunya : Província). |b Servei d’Assistència a la Gestió Econòmica Local |9 53081 | |
| 901 | |a Arxiu | ||
| 942 | |n 1 |2 udc |c ARXIU | ||
| 952 | |0 0 |1 0 |4 0 |6 BIB715 |7 1 |9 62556 |a Arxiu |b Arxiu |d 2022-06-28 |l 0 |o Bib-715 |p 26075 |r 2022-06-28 00:00:00 |w 2022-06-28 |y ARXIU | ||
| 999 | |c 82155 |d 82155 | ||